Kalkulácie v manažérskom účtovníctve

Manažment podniku v súčasnosti s siaha po rôznych nástrojoch podporujúcich proces riadenia. V rámci hodnotového riadenia je takýmto nástrojom kalkulovanie nákladov. Je najstarším a zároveň najviac využívaným, avšak neustále sa vyvíja v snahe reflektovať na aktuálne podmienky formujúce sa v podnikat...

Description complète

Enregistré dans:
Détails bibliographiques
Auteur principal: Poniščiaková, Oľga
Format: Chapitre de livre
Langue:slovaque
Sujets:
Tags: Ajouter un tag
Pas de tags, Soyez le premier à ajouter un tag!

MARC

LEADER 00000nla a2200000 4500
001 0190967
005 20240417075047.2
041 0 |a slo 
044 |a SK 
245 1 0 |a Kalkulácie v manažérskom účtovníctve  |c Oľga Poniščiaková 
520 |a Manažment podniku v súčasnosti s siaha po rôznych nástrojoch podporujúcich proces riadenia. V rámci hodnotového riadenia je takýmto nástrojom kalkulovanie nákladov. Je najstarším a zároveň najviac využívaným, avšak neustále sa vyvíja v snahe reflektovať na aktuálne podmienky formujúce sa v podnikateľskom prostredí. Kalkulácie v značnom rozsahu využíva aj manažérske účtovníctvo, ktoré tradičné kalkulačné postupy obohacuje o nové progresívne formy. Kalkulácia ABC a najmä prínos, ktorý poskytuje pre podporu riadenia v porovnaní s tradičným kalkulovaním. 
610 2 0 |a kalkulácia 
610 2 0 |a manažéri 
610 2 0 |a podnik 
610 2 0 |a metóda ABC 
610 2 0 |a účtovníctvo manažérske 
100 1 |a Poniščiaková, Oľga